000 00907nac a22002897a 4500
001 BR7704580
003 BR-BrBNA
005 20240105114130.0
008 230509b bl.|||m| |||| 00| 0 por d
040 _aBR-BrBNA
_bpor
_cBiblioteca Nacional de Agricultura
072 _aK50
090 _a8919 BR7704580
100 1 _aFoelkel, C.E.B.
100 1 _aZvinakevicius, C.
100 1 _aSiqueira, L.R.O.
110 1 _aCelulose Nipo-Brasileira S.A., Belo Oriente, MG
_91354
245 1 _aBranqueamento em laboratorio de celulose CENIBRA industrial [Celulose Nipo-Brasileira S.A.]
260 3 _aBelo Oriente, MG (Brasil):
_c1977.
300 _a10 p.
490 _aCENIBRA Pesquisa (Brazil)
_vno. 28
_x
650 _aCELULOSE
650 _aPROPRIEDADE FISICA
650 _aPROPRIEDADE MECANICA
650 _aCLARIFICACAO
909 _a202312
_bLúcia Elande
_c55
_dLúcia Elande
942 _2AGRIS
_n0
_cMS
999 _c267564
_d267564